00000000nam##2200000za#4500
0019.536853
003CaOODSP
00520210615084502
007ta
008150406|2002||||xxc|||||     f|0| 0 fre|d
020 |a0-660-62123-1
040 |aCaOODSP|bfre
041 |aeng
041 |afre
043 |an-cn---
0861 |aBT31-4/49-2002
1101 |aCanada. |bConseil du trésor.
24510|aCommission des champs de bataille nationaux
260 |aOttawa - Ontario : |bSecrétariat du Conseil du Trésor du Canada |c2002.
300 |a28p. : |btableaux ; |c28 cm.
4901 |aRapport sur le rendement pour la période se terminant le 31 mars 2002
563 |aCouverture souple
590 |a02-46|b2002-11-15
69107|aChamp de bataille|2gcpds
69107|aInstitution fédérale|2gcpds
69107|aPrévisions budgétaires|2gcpds
7760#|tNational Battlefields Commission, performance report for the period ending March 31, 2002 |w(CaOODSP)9.572983
7760#|tCommission des champs de battaille nationaux, rapport sur le rendement pour la période se terminant le 31 mars 2002 |w(CaOODSP)9.603227
791 |tNational Battlefields Commission |eeng|w(CaOODSP)9.536852
830#0|aRapport sur le rendement pour la période se terminant le 31 mars 2002.|w(CaOODSP)9.510739